Australia's aborigines [

Bibliographic Details
Format: Book
Published: U.S : National Geographic video , 19-
Subjects:

MARC

LEADER 00000cam a2200000 7i4500
001 0000002214
002 000002414
005 20021014.0
020 |a 000002414 
090 0 0 |a 306.08909994   |b AUS 
245 0 0 |a Australia's aborigines [  |h video recording] 
260 |a U.S :   |b National Geographic video ,   |c 19- 
300 |a 1 Video recording VHS (60 minutes) :   |b col.(PAL) 
500 |a Library has 1 copy 
650 0 0 |a Aborigines   |z Australia 
999 |a 00111   |b VIDEO   |c KOLEKSI AUDIO VIDEO   |e PERPUSTAKAAN KOMUNITI PETALING JAYA